000 00373 a2200157 4500
001 74605
020 _a8533907117
040 _cAnchieta - Colégio São Paulo
100 _aRodriguez, Carolina Vieira
240 1 0 _aOs três mosqueteiros
_lpor
245 1 0 _aOs três mosqueteiros
300 _a32
362 0 _a2004
650 4 _aLiteratura infanto-juvenil
942 _cBK
999 _c74605
_d74605